Poistenie

Uložené v:
Podrobná bibliografia
Hlavný autor: Laučíková, Margita
Korporativný autor: Vysoká škola ekonomická v Bratislave. Národohospodárska fakulta
Ďalší autori: Čejková, Viktória
Médium: Kniha
Jazyk:Slovak
Vydavateľské údaje: Bratislava VŠE 1991
Vydanie:1. vyd.
Tagy: Pridať tag
Žiadne tagy, Buďte prvý, kto otaguje tento záznam!

MARC

LEADER 00000nam a2200000 4500
001 c022213
005 20221214094532.7
041 0 |a slo 
044 |a SK 
245 1 0 |a Poistenie  |c Margita Laučíková, Viktória Čejková 
250 |a 1. vyd. 
264 1 |a Bratislava  |b VŠE  |c 1991 
300 |a 184 s. 
100 1 |a Laučíková, Margita 
700 1 |a Čejková, Viktória 
710 2 |a Vysoká škola ekonomická v Bratislave. Národohospodárska fakulta